000 01531nam a2200337 i 4500
001 000045730
003 DO-SdBNP
005 20240514094140.0
006 a||||gr|||| 00| 0
007 ta
008 150508e1993 dr 000 0 spa d
040 _aDO-SdBNP
_bspa
_cBNPHU
_erda
082 4 _222
_bM534e
100 1 _aMena Peguero, Rita.
_910382
_eautora
245 1 0 _aEconomía para todos /
_cRita Mena Peguero ; presentación, Andrés Dauhajre, hijo.
264 1 _aSanto Domingo :
_bFundación Economía y Desarrollo, Inc.
_c1993
300 _a332 páginas ;
_c23 cm.
336 _2rdacontent
_atexto
_btxt
337 _2rdamedia
_asin mediación
_bn
338 _2rdacarrier
_avolumen
_bnc
500 _aIncluye índice temático.
500 _aLa bibioteca posee el volumen I
500 _aIncluye referencias bibliográficas y notas al pie de las páginas.
505 0 _tMicroeconomía --
_tSistemas económicos --
_tEstructuras de mercados --
_tMacroeconomía --
_tCuentas nacionales --
_tInflación --
_tDinero y tasas de interés --
_tMercado de valores --
_tFinanzas públicas --
_tEmpleo, salarios y distribución --
_tFondo Monetario Internacional (FMI) --
_tEstrategias de desarrollo --
_tComercio y finanzas internacionales --
_tDerecho de propiedad --
_tSector informal.
590 _aInventariado 2024 / MF
650 4 _97422
_aSistemas Económicos
650 0 _aMicroeconomía
_922953
650 4 _910387
_aMacroeconomía
_zRepública Dominicana
700 1 _aDauhajre, Andrés
_epresidente
_96000
942 _2ddc
_cLBS1
999 _c45219
_d45219